000 01955cam a2200529Ia 4500
999 _c4756
_d4756
001 456112
003 GBCCL
005 20241126110526.0
008 070309s2007 tnubd b 001 0 eng d
020 _a9781586400248
020 _a158640024X
020 _a9781586404468
020 _a1586404466
020 _a9781586405106
020 _a1586405101
020 _a9781433602856
020 _a1433602857
029 1 _aNZ1
_b13179774
029 1 _aDEBSZ
_b392606232
029 1 _aAU@
_b000054346122
035 _a(OCoLC)ocn144228308
035 _a(OCoLC)144228308
_z(OCoLC)144228299
_z(OCoLC)183198052
_z(OCoLC)676787284
_z(OCoLC)812802924
040 _aBTCTA
_beng
_cBTCTA
_dBAKER
_dYDXCP
_dNVS
_dKEU
_dOCLCG
_dCBC
_dOCLCQ
_dKCK
_dIEB
_dBDX
_dTWE
_dOCLCO
_dOCLCQ
_dOCLCF
_dLBB
049 _aLBBK
050 4 _aBS195
_b.H638 2007
082 0 4 _a220.52
_bAPO
090 _aBS195
_b.H638 2007
245 0 4 _aThe Apologetics Study Bible :
_bunderstand why you believe /
_cTed Cabal, general editor ; associate editors, Chad Owen Brand, E. Ray Clendenen, Paul Copan, J.P. Moreland.
260 _aNashville, Tenn. :
_bHolman Bible Pub.,
_c2007.
300 _axxxv, 2008 pages :
_bcolor charts, color maps ;
_c24 cm
336 _atext
_btxt
_2rdacontent
337 _aunmediated
_bn
_2rdamedia
338 _avolume
_bnc
_2rdacarrier
500 _a"Real questions, straight answers, stronger faith."
504 _aIncludes bibliographical references and index.
630 0 0 _aBible
_vCommentaries.
_9200
630 0 7 _aBible.
_2fast
_0(OCoLC)fst01356024
_9599
650 0 _aApologetics.
_985
650 7 _aApologetics.
_2fast
_0(OCoLC)fst00811449
_985
655 7 _aCommentaries.
_2fast
_0(OCoLC)fst01423723
_9875
700 1 _aCabal, Ted.
_98681
700 1 _aBrand, Chad.
_98682
700 1 _aCopan, Paul.
_98683
700 1 _aMoreland, James Porter,
_d1948-
_92245
730 0 _aBible.
_lEnglish.
_sHolman Christian Standard Bible.
_f2003.
_98684
942 _2ddc
_cREF